00541nam a2200145 a 450000500170000000800410001705000260005810000200008424500590010426000750016330000090023865000120024799900190025995201170027820140412111422.0080121s19uu xx 00 eng d aTR(GS 428.4bL14 2008 aLagera, Remy D. aA Compilation of Reading Strategies /cRemy D. Lagera. c2008.aLas pinas city :bSouthville International School and Colleges, a74p. aReading c106071d106071 001040aELbELcTRd2008-01-21eLib. Fundl0oTR(GS 428.4 L14 2008pE11171r2014-04-12 00:00:00w2014-04-12yBK